La gestion urbana dentro del marco de la descentralizacion. : Encuentro Europa America Latina (Registro nro. 280098)

Detalles MARC
001 - NÚMERO DE CONTROL
campo de control 803910
005 - FECHA Y HORA DE LA ÚLTIMA TRANSACCIÓN
campo de control 20260506095657.0
008 - DATOS DE LONGITUD FIJA--INFORMACIÓN GENERAL
campo de control de longitud fija 030403s1992 spa
035 ## - NÚMERO DE CONTROL DEL SISTEMA
Número de control de sistema 803910
035 ## - NÚMERO DE CONTROL DEL SISTEMA
Número de control de sistema (OCoLC)777860611
040 ## - FUENTE DE LA CATALOGACIÓN
Centro/agencia transcriptor comduadb
041 ## - CÓDIGO DE LENGUA
Código de lengua del texto/banda sonora o título independiente spa
082 #4 - NÚMERO DE LA CLASIFICACIÓN DECIMAL DEWEY
Número de clasificación 307
111 20 - ENTRADA PRINCIPAL--NOMBRE DE CONGRESO/REUNIÓN
Nombre de congreso/reunión o jurisdicción como elemento de entrada Seminario Internacional la Gestion Urbana dentro del marco de la Descentralizacion. (1992 : Bogota),
Código de función aut
Unidad subordinada aut
245 13 - MENCIÓN DE TÍTULO
Título La gestion urbana dentro del marco de la descentralizacion. : Encuentro Europa America Latina
260 ## - PUBLICACIÓN, DISTRIBUCIÓN, ETC.
Lugar de publicación, distribución, etc. Santafé de Bogotá :
Nombre del editor, distribuidor, etc. Universidad Piloto de Colombia,
Fecha de publicación, distribución, etc. 1992.
300 ## - DESCRIPCIÓN FÍSICA
Extensión 467 páginas
505 ## - NOTA DE CONTENIDO CON FORMATO
Nota de contenido con formato Gestion urbana, desarrollo economico, politicas locales de descentralizacion en Francia, America Latina y Colombia. .
650 ## - PUNTO DE ACCESO ADICIONAL DE MATERIA--TÉRMINO DE MATERIA
Término de materia o nombre geográfico como elemento de entrada Gestion urbana - America Latina
9 (RLIN) 71699
650 ## - PUNTO DE ACCESO ADICIONAL DE MATERIA--TÉRMINO DE MATERIA
Término de materia o nombre geográfico como elemento de entrada Descentralizacion administrativa - America Latina
9 (RLIN) 58219
650 #7 - PUNTO DE ACCESO ADICIONAL DE MATERIA--TÉRMINO DE MATERIA
Término de materia o nombre geográfico como elemento de entrada Participación comunitaria
Fuente del encabezamiento o término lemb
9 (RLIN) 574
650 ## - PUNTO DE ACCESO ADICIONAL DE MATERIA--TÉRMINO DE MATERIA
Término de materia o nombre geográfico como elemento de entrada Vivienda social
9 (RLIN) 36613
650 #7 - PUNTO DE ACCESO ADICIONAL DE MATERIA--TÉRMINO DE MATERIA
Término de materia o nombre geográfico como elemento de entrada Desarrollo urbano
Fuente del encabezamiento o término lemb
9 (RLIN) 39729
650 ## - PUNTO DE ACCESO ADICIONAL DE MATERIA--TÉRMINO DE MATERIA
Término de materia o nombre geográfico como elemento de entrada Inversión social
9 (RLIN) 50787
650 #7 - PUNTO DE ACCESO ADICIONAL DE MATERIA--TÉRMINO DE MATERIA
Término de materia o nombre geográfico como elemento de entrada Administración pública
Fuente del encabezamiento o término lemb
9 (RLIN) 69074
650 #7 - PUNTO DE ACCESO ADICIONAL DE MATERIA--TÉRMINO DE MATERIA
Término de materia o nombre geográfico como elemento de entrada Ordenamiento territorial
Fuente del encabezamiento o término lemb
9 (RLIN) 36089
650 ## - PUNTO DE ACCESO ADICIONAL DE MATERIA--TÉRMINO DE MATERIA
Término de materia o nombre geográfico como elemento de entrada Áreas metropolitanas
9 (RLIN) 47997
942 ## - ELEMENTOS DE ENTRADA AGREGADA (KOHA)
Tipo de ítem Koha Libros
Existencias
Estado de retiro Estado de pérdida Estado dañado No para préstamo Código de colección Localización permanente Ubicación/localización actual Fecha de adquisición Fuente de adquisición Número de inventario Total de préstamos Signatura topográfica completa Código de barras Fecha visto por última vez Número de copia Precio válido a partir de Tipo de ítem Koha
Retirado de Circulación     No para préstamo Colección General Piso 2 Biblioteca Carlos Gaviria Díaz, Campus Medellín Biblioteca Carlos Gaviria Díaz, Campus Medellín 03/04/2003 Material adquirido por donación C775213   307.76 S471 61000005082439 25/04/2023 1 25/04/2023 Libros - Reserva
        Colección General Piso 2 Biblioteca Carlos Gaviria Díaz, Campus Medellín Biblioteca Carlos Gaviria Díaz, Campus Medellín 03/03/2004 Material adquirido por donación C819951   307.76 S471 e2 61000005033509 25/04/2023 2 25/04/2023 Libros